000 00301nam a22001457a 4500
008 210312b ||||| |||| 00| 0 eng d
020 _a0717292118
041 _aeng
080 _a82
082 _a82
100 _a21
101 _aGJL
245 _aLiterary Lifelines
_cCol-Fit
942 _2udc
_cBK
999 _c56493
_d56493